Countries with the Death Penalty for Blasphemy - Statistics

General Stats
  • This quiz has been taken 418 times
  • The average score is 5 of 8
Answer Stats
Country % Correct
Iran
94%
Saudi Arabia
93%
Afghanistan
83%
Pakistan
76%
Somalia
55%
Nigeria
42%
Brunei
40%
Mauritania
40%
No matching quizzes found
Score Distribution
Percent of People with Each Score
Percentile by Number Answered
Your Score History
You have not taken this quiz